000 00276nam a2200121Ia 4500
005 20251222141836.0
008 251222s9999||||xx |||||||||||||| ||spa||
082 _a220.8/H25
100 _aHaug, Hemult
245 0 _aBiblia Inquietante:
264 _bLa Católica
942 _cLIB
999 _c7276
_d7276